000 00735nas a2200241 4500
001 BR2015005252
003 BR-BrBNA
005 20231205125746.0
007 ta
008 230509b bl.|||p| |||| 00| 00por d
040 _aBR-BrBNA
_bpor
_cBiblioteca Nacional de Agricultura
041 _a(Pt)
072 _aF01
100 1 _aRodrigues, C.M.
245 1 _aA consolidação do estado da arte para as culturas do pinhão-manso e da mamona
650 _aPINHAO DE PURGA
650 _aMAMONA
650 _aPRODUCAO VEGETAL
650 _aANALISE QUIMICA
773 0 _tAgroenergia em revista (Brazil)
_xISSN 2238-1023
_g(Jul 2013), v. 3(6) p. 6-9
_wBR2015005252
909 _a202311
_bLúcia
_c55
_dLúcia Elande
942 _2AGRIS
_n0
_cANA
999 _c245979
_d245979